| 000 | 01318nam0a22002651 4500 | ||
|---|---|---|---|
| 001 | rc\4442949 | ||
| 005 | 20260407122728.0 | ||
| 021 |
_aRU _bРг4630-68 |
||
| 035 | _a(NLR Aleph) 008316312 | ||
| 090 |
_a8729177 _c8729177 |
||
| 100 | _a20130416d1968 |||y0rusy50 ca | ||
| 101 | 0 | _arus | |
| 102 | _aRU | ||
| 105 | _ay z ||||| | ||
| 200 | 1 |
_aИнструктивно-методические материалы к проведению трехдневных городских и районных семинаров культпросветработников и секретарей комсомольских организаций на 1968 год _eII кв. _e(Библиотечная секция) _fГос. б-ка БССР им. В.И. Ленина. Науч.-метод. отд. библиотековедения |
|
| 210 |
_aМинск _cБ. и. _d1968 |
||
| 215 |
_a[1], 37 с. _d20 |
||
| 300 | _aОтпеч. множит. аппаратом | ||
| 320 | _aБиблиогр.: с. 32-33 | ||
| 712 | 0 | 2 |
_aГосударственная библиотека БССР им. В. И. Ленина _bНаучно-методический отдел _cМинск _9415211 _3RU\NLR\AUTH\889959520 |
| 801 | 0 |
_aRU _bNLR _gpsbo |
|
| 801 | 1 |
_aRU _bELAR _2rusmarc |
|
| 852 |
_aNLR _jБ 4283/И-721 |
||
| 942 | _cBOOK | ||
| 980 | _aNB | ||